| 000 | 00617nam a2200181 i 4500 | ||
|---|---|---|---|
| 001 | 32496 | ||
| 003 | ES-MaACL | ||
| 005 | 20230906154601.0 | ||
| 007 | t| | ||
| 008 | 030131s1942 ag ||||1| spa d | ||
| 100 | 1 |
_aBenrubi, J. _927768 |
|
| 245 | 1 | 0 |
_aBergson : _bestudio sobre su doctrina / _cpor J. Benrubi ; selección de textos, traducción y notas por Demetrio Náñez. |
| 260 |
_aBuenos Aires : _bSudamericana, _c[1942] ( _fLinari y Cía.) |
||
| 300 |
_a223 p. ; _c18 cm. |
||
| 600 | 1 | 4 |
_aBergson, Henri- _xCrítica e interpretación. _928014 |
| 700 | 1 |
_aNáñez, Demetrio. _984908 |
|
| 852 |
_aES-MaACL _jC-3993 |
||
| 999 |
_c32496 _d32496 |
||